[Event "IND-ch Velammal 45th"]
[Site "Chennai"]
[Date "2008.02.15"]
[Round "13"]
[White "Ashwath, R."]
[Black "Sanjay, N."]
[Result "0-1"]
[WhiteElo "2332"]
[BlackElo "2354"]
[PlyCount "64"]
[EventDate "2008.02.03"]
[EventType "swiss"]
[EventRounds "13"]
[EventCountry "IND"]
[SourceTitle "CBM 122 Extra"]
[Source "ChessBase"]
[SourceDate "2008.03.04"]
[SourceVersion "1"]
[SourceVersionDate "2008.03.04"]
[SourceQuality "1"]

1. d4 Nf6 2. c4 g6 3. Nc3 Bg7 4. e4 d6 5. Nf3 0-0 6. Be2 Nbd7 7. 0-0 e5 8. d5 Nc5 9. Qc2 a5 10. Bg5 h6 11. Be3 b6 12. Nd2 Bg4 13. f3 Bd7 14. b3 Nh5 15. a3 Nf4 16. Rfe1 Qg5 17. Bf1 Ncd3 18. g3 Nxe1 19. Rxe1 Qf6 20. Nb5 Nh3+ 21. Bxh3 Bxh3 22. Nxc7 Rab8 23. b4 Qe7 24. Nb5 axb4 25. axb4 f5 26. Ra1 Rb7 27. Qa2 fxe4 28. fxe4 Qd8 29. Na7 Rbf7 30. Nc6 Qd7 31. Bxb6 Qg4 32. Re1 Qe2 0-1

[Event "IND-ch Velammal 45th"]
[Site "Chennai"]
[Date "2008.02.12"]
[Round "10"]
[White "Sanjay, N."]
[Black "Akshat, Khamparia"]
[Result "1/2-1/2"]
[WhiteElo "2354"]
[BlackElo "2307"]
[PlyCount "34"]
[EventDate "2008.02.03"]
[EventType "swiss"]
[EventRounds "13"]
[EventCountry "IND"]
[SourceTitle "CBM 122 Extra"]
[Source "ChessBase"]
[SourceDate "2008.03.04"]
[SourceVersion "1"]
[SourceVersionDate "2008.03.04"]
[SourceQuality "1"]

1. Nf3 f5 2. d4 Nf6 3. g3 g6 4. Bg2 Bg7 5. 0-0 0-0 6. c4 d6 7. Nc3 Nc6 8. d5 Na5 9. Qd3 c5 10. dxc6 Nxc6 11. Rd1 Bd7 12. Be3 Kh8 13. Rac1 Ng4 14. c5 Nxe3 15. fxe3 Qa5 16. cxd6 exd6 17. Qxd6 Rad8 1/2-1/2

[Event "IND-chB 45th"]
[Site "Dindigul"]
[Date "2007.06.14"]
[Round "6"]
[White "Prasenjit, Dutta"]
[Black "Sanjay, N."]
[Result "1/2-1/2"]
[WhiteElo "2256"]
[BlackElo "2339"]
[PlyCount "134"]
[EventDate "2007.06.11"]
[EventType "swiss"]
[EventRounds "12"]
[EventCountry "IND"]
[SourceTitle "CBM 119 Extra"]
[Source "ChessBase"]
[SourceDate "2007.09.04"]
[SourceVersion "1"]
[SourceVersionDate "2007.09.04"]
[SourceQuality "1"]

1. e4 c5 2. Nf3 a6 3. c4 e6 4. Nc3 Qc7 5. d4 cxd4 6. Nxd4 Nf6 7. Be2 Bb4 8. Qd3 d6 9. f4 b6 10. Bf3 Bb7 11. f5 Bxc3+ 12. bxc3 e5 13. Nb3 Nbd7 14. g4 h6 15. Ba3 0-0-0 16. Nd2 Nc5 17. Qe3 Qc6 18. Rb1 Kc7 19. 0-0 Qa4 20. Bxc5 dxc5 21. Rb2 Rd6 22. Rfb1 Rhd8 23. h4 Rd3 24. Qe2 Ba8 25. g5 hxg5 26. hxg5 Ne8 27. Nf1 Qxc4 28. Rxb6 Qxc3 29. Rxa6 Bb7 30. Ra7 Nd6 31. Rb3 Qd4+ 32. Qf2 Rxb3 33. axb3 Qxf2+ 34. Kxf2 Kb6 35. Ra2 Bxe4 36. f6 gxf6 37. gxf6 Bxf3 38. Kxf3 Ne8 39. Ke4 Nxf6+ 40. Kxe5 Ng4+ 41. Kf5 Rd4 42. Ra4 Nh6+ 43. Kf6 Rd6+ 44. Kg7 Rg6+ 45. Kf8 f5 46. Ne3 Re6 47. Nd5+ Kb7 48. Ra5 Kc6 49. Ne7+ Kb6 50. Ra4 Re4 51. Ra8 f4 52. Rb8+ Kc7 53. Rb5 Kd7 54. Rb7+ Kd8 55. Rb8+ Kc7 56. Rb5 Rxe7 57. Kxe7 Kc6 58. Ra5 Nf5+ 59. Kf6 Nd4 60. Ke5 f3 61. b4 Nb3 62. Ra2 Nc1 63. Ra6+ Kb5 64. Rf6 Nd3+ 65. Ke4 c4 66. Rxf3 Kxb4 67. Rxd3 cxd3 1/2-1/2